Score 0/19 Timer 02:00
0 Plays Today
Clue Answer % Correct
Break into a computer networkHACK
98.1%
____! The Herald Angels SingHARK
97.5%
Boulder e.g., or second word of a music-themed restaurant chain•ROCK•
95.4%
Place to park your boatDOCK
94.7%
Difficult, or first word of a music-themed restaurant chain•HARD•
94.6%
Pool table triangleRACK
92.9%
Dead ____ ChestMAN'S
90.5%
Hay unitBALE
87.7%
12, in SpanishDOCE
87.7%
Surf guitar legendDALE
87.2%
Clue Answer % Correct
Good place for valuablesSAFE
86.2%
Horse and lion commonalityMANE
84.4%
Mentally soundSANE
84%
Eatery, or third word of a music-themed restaurant chain•CAFÉ•
83.7%
Pineapple companyDOLE
82.7%
Indonesian resort localeBALI
56.3%
Nation south of AlgeriaMALI
52.7%
Art Spiegelman graphic novelMAUS
29.9%
Hawaiian islandMAUI
26.6%

Today's Daily Dose

Remove Ads.
Support Sporcle.
Get the best of Sporcle when you Go Orange. This ad-free experience offers more features, more stats, and more fun while also helping to support Sporcle. Thank you for becoming a member.

You're not logged in!

Compare scores with friends on all Sporcle quizzes.
OR
Log In

Show Comments

Extras

Top Quizzes Today


Score Distribution

Your Account Isn't Verified!

In order to create a playlist on Sporcle, you need to verify the email address you used during registration. Go to your Sporcle Settings to finish the process.

Report this User

Report this user for behavior that violates our Community Guidelines.

Details: